[Event "Skopje op-B"]
[Site "Skopje"]
[Date "2023.12.11"]
[Round "8"]
[White "Gjorgiev, Luka"]
[Black "Surlovski, Dushko"]
[Result "1-0"]
[WhiteElo "1188"]
[BlackElo "1664"]
[PlyCount "109"]
[EventDate "2023.12.06"]
[EventType "swiss"]
[EventRounds "9"]
[EventCountry "MKD"]
[SourceTitle "CB51_2023"]
[SourceDate "2023.12.20"]
[SourceVersion "1"]
[SourceVersionDate "2023.12.20"]
[SourceQuality "1"]

1. d4 c5 2. d5 d6 3. e4 g6 4. Bb5+ Bd7 5. Bxd7+ Nxd7 6. Nc3 Bg7 7. Nf3 Rb8 8. 0-0 b5 9. Ne2 a5 10. a4 b4 11. c3 Ngf6 12. Qd3 Qc7 13. c4 h6 14. h3 Nh7 15. Rb1 Nb6 16. b3 Qd7 17. Ng3 0-0 18. Bb2 Nf6 19. e5 dxe5 20. Nxe5 Qb7 21. Nc6 Ra8 22. Qe3 Nbxd5 23. cxd5 Nxd5 24. Qxc5 e6 25. Nxa5 Qa7 26. Qxa7 Rxa7 27. Bxg7 Kxg7 28. Nc4 f5 29. Ne2 Kf6 30. f4 g5 31. fxg5+ hxg5 32. Rbc1 Rg8 33. Rf3 Rc8 34. Nd4 Nf4 35. Kh2 e5 36. Nb5 Ra6 37. Rd1 e4 38. Re3 Ke6 39. Nd4+ Kf6 40. Nb5 Nd3 41. Rdxd3 exd3 42. Rxd3 Re6 43. Rd6 f4 44. Rd2 Rce8 45. Nbd6 Rh8 46. Rf2 Rd8 47. Rd2 Kg6 48. Ne4 Rxd2 49. Nexd2 Kf5 50. Nf3 Rh6 51. g3 fxg3+ 52. Kxg3 Rh8 53. Nd6+ Ke6 54. Nxg5+ Kd5 55. Nb5 1-0

[Event "Skopje op-B"]
[Site "Skopje"]
[Date "2023.12.09"]
[Round "5"]
[White "Surlovski, Dushko"]
[Black "Jashari, Lirim"]
[Result "0-1"]
[WhiteElo "1664"]
[BlackElo "1282"]
[PlyCount "66"]
[EventDate "2023.12.06"]
[EventType "swiss"]
[EventRounds "9"]
[EventCountry "MKD"]
[SourceTitle "CB51_2023"]
[SourceDate "2023.12.20"]
[SourceVersion "1"]
[SourceVersionDate "2023.12.20"]
[SourceQuality "1"]

1. d4 d5 2. c4 Bf5 3. Nc3 e6 4. g3 Bb4 5. Bg2 Bxc3+ 6. bxc3 c6 7. Qb3 Qd7 8. Nf3 f6 9. 0-0 Ne7 10. Nd2 0-0 11. e4 dxc4 12. Nxc4 Bg6 13. Rd1 Kh8 14. f4 Na6 15. Ba3 b5 16. Ne3 Bf7 17. Qc2 Nc7 18. Rac1 a5 19. Bb2 Rac8 20. c4 b4 21. Qa4 Ra8 22. d5 exd5 23. cxd5 Ne8 24. dxc6 Qe6 25. Rd7 Rc8 26. e5 fxe5 27. Bxe5 Nf6 28. Ra7 Ned5 29. Nxd5 Nxd5 30. Bxd5 Qxd5 31. Qxa5 Qd2 32. Rf1 Bd5 33. Qxd5 Qxd5 0-1

[Event "Skopje op-B"]
[Site "Skopje"]
[Date "2023.12.08"]
[Round "3"]
[White "Surlovski, Dushko"]
[Black "Stojcheski, Aleksandar"]
[Result "1-0"]
[WhiteElo "1664"]
[BlackElo "1314"]
[PlyCount "81"]
[EventDate "2023.12.06"]
[EventType "swiss"]
[EventRounds "9"]
[EventCountry "MKD"]
[SourceTitle "CB51_2023"]
[SourceDate "2023.12.20"]
[SourceVersion "1"]
[SourceVersionDate "2023.12.20"]
[SourceQuality "1"]

1. d4 Nf6 2. c4 e6 3. Bg5 d5 4. cxd5 exd5 5. Nc3 Bb4 6. e3 Qd6 7. Bd3 Ne4 8. Bxe4 dxe4 9. Rc1 Bxc3+ 10. Rxc3 Qg6 11. Rxc7 0-0 12. Be7 Qxg2 13. Bxf8 Qxh1 14. Kd2 Nc6 15. Bd6 Qg2 16. Bg3 Be6 17. Ne2 Qf3 18. Nc3 Qxd1+ 19. Kxd1 Nb4 20. a3 Nd5 21. Rxb7 Nxc3+ 22. bxc3 h6 23. Kc2 a6 24. Bd6 Rc8 25. Bc5 Bc4 26. Rb4 Bd3+ 27. Kb3 Rc6 28. Rb6 Rxb6+ 29. Bxb6 Kf8 30. c4 Ke7 31. Bc5+ Ke8 32. d5 g6 33. Kc3 Kd7 34. Kd4 f5 35. Bf8 h5 36. Bh6 h4 37. c5 h3 38. c6+ Kc7 39. Kc5 Bb5 40. d6+ Kc8 41. d7+ 1-0

[Event "Skopje-ch Seniors"]
[Site "Skopje"]
[Date "2022.10.11"]
[Round "7"]
[White "Surlovski, Dushko"]
[Black "Kostadinovski, Zoran"]
[Result "0-1"]
[WhiteElo "1682"]
[BlackElo "1926"]
[PlyCount "134"]
[EventDate "2022.10.07"]
[EventType "swiss"]
[EventRounds "7"]
[EventCountry "MKD"]
[SourceTitle "EXT 2024"]
[Source "ChessBase"]
[SourceDate "2023.10.10"]
[SourceVersion "1"]
[SourceVersionDate "2023.10.10"]
[SourceQuality "1"]

1. d4 Nf6 2. Bf4 d6 3. e3 Nbd7 4. c4 e5 5. Bg3 c6 6. Nf3 Be7 7. Nc3 Qc7 8. h3 0-0 9. Qc2 Re8 10. Be2 a6 11. 0-0 Rb8 12. Rac1 h6 13. a3 Bf8 14. Rfd1 b6 15. b4 Bb7 16. Nh4 c5 17. bxc5 bxc5 18. d5 Qa5 19. f3 Nb6 20. Be1 Nbd7 21. g4 Bc8 22. Kh2 Qxa3 23. Ra1 Qb2 24. Qd3 Qb7 25. Rdc1 Qc7 26. Ng2 Qd8 27. Bd1 Qe7 28. e4 Nb6 29. Ne2 Nfd7 30. Ng3 g6 31. h4 Bg7 32. Bc2 Nf8 33. Ba5 Nfd7 34. h5 Rf8 35. Rf1 Bf6 36. Rae1 Qe8 37. hxg6 fxg6 38. Bd2 Bg7 39. Rh1 Qf7 40. Bd1 Nf6 41. Kg1 Kh7 42. g5 Ng8 43. gxh6 Bf6 44. Rf1 Qe7 45. Qe3 Bd7 46. Be2 Na8 47. Rh2 Nc7 48. Kh1 Rb7 49. Bd3 Rfb8 50. Ba5 Ne8 51. Re1 Rb3 52. Qd2 Ra3 53. Bc3 Rbb3 54. Ne2 Bg5 55. Qc2 Ba4 56. f4 Rxc3 57. Qxc3 Rxc3 58. Nxc3 exf4 59. Nxa4 f3 60. Ne3 Qf6 61. Ng4 Qf4 62. Rg1 Nef6 63. Nf2 Bh4 64. e5 dxe5 65. Rxg6 e4 66. Rg4 Nxg4 67. Bxe4+ Kh8 0-1

[Event "Skopje-ch Seniors"]
[Site "Skopje"]
[Date "2022.10.09"]
[Round "4"]
[White "Golubovic, Tomislav"]
[Black "Surlovski, Dushko"]
[Result "1-0"]
[WhiteElo "1702"]
[BlackElo "1682"]
[PlyCount "105"]
[EventDate "2022.10.07"]
[EventType "swiss"]
[EventRounds "7"]
[EventCountry "MKD"]
[SourceTitle "EXT 2024"]
[Source "ChessBase"]
[SourceDate "2023.10.10"]
[SourceVersion "1"]
[SourceVersionDate "2023.10.10"]
[SourceQuality "1"]

1. e4 c5 2. Nf3 b6 3. Bc4 e6 4. d4 cxd4 5. Nxd4 a6 6. c3 Bb7 7. f3 Qc7 8. Bb3 Bd6 9. g3 Ne7 10. Be3 0-0 11. Nd2 Re8 12. Nc4 Bc5 13. Qd3 d5 14. Bf4 dxc4 15. Qxc4 Qc8 16. 0-0-0 b5 17. Qe2 Bxd4 18. Rxd4 Nbc6 19. Rd6 Na5 20. Bc2 Nc4 21. Qd3 e5 22. Bg5 Nxd6 23. Qxd6 f6 24. Bb3+ Kh8 25. Bxf6 Ng8 26. Bxe5 Qc6 27. Qd4 Qh6+ 28. Bf4 Qf6 29. e5 Qe7 30. Bc2 Rad8 31. Qe3 h6 32. h4 b4 33. c4 Rc8 34. Qd3 g6 35. Qxg6 Qg7 36. b3 Bxf3 37. Re1 a5 38. Kb1 Rc6 39. Qd3 Bg4 40. Qd5 Rce6 41. Qxa5 Qe7 42. h5 Rb8 43. Bg6 Kg7 44. Rc1 Bf3 45. Bf5 Bc6 46. Bxe6 Qxe6 47. Qc7+ Ne7 48. Qxb8 Be4+ 49. Kb2 Qg4 50. Qd6 Nd5 51. Qxh6+ Kg8 52. Qg5+ Qxg5 53. Bxg5 1-0